00790nam a2200217 a 450000100060000000300080000600500170001400800410003103500190007204000270009104100080011808200220012610000320014824501040018026000590028430000260034350000810036965100480045065100280049871000460052642318BD-RjUL20211209053525.0160611s1928 enk 001 0 eng u a(BD-RjUL)42436 aCINdm.cbengcBD-RjUL aeng 223a327bTOC 19281 aToynbee, Arnoldd1889-1975.14aThe conduct of British empire foreign relations since the peace settlement / cby Arnold J. Toynbee aLondon : bOxford University Press, H. Milford, c1928 axii, 126 p. ;c25 cm. a"Issued under the auspices of the Royal institute of international affairs." 0aGreat BritainxForeign relationsy1910-1936 0aGreat BritainxColonies2 aRoyal Institute of International Affairs.